[Event "Berkeley CC Ch2011 FNM; 30/90, SD/30"]
[Site "Berkeley"]
[Date "2011.12.09"]
[Round "6.8"]
[White "Wang, Michael J"]
[Black "Acosta, Anthony"]
[Result "1/2-1/2"]
[WhiteElo "1537"]
[BlackElo "1643"]
[PlyCount "67"]
[EventDate "2011.??.??"]
[SourceDate "2007.10.22"]

1. e4 c5 2. Nf3 Nc6 3. Bb5 Nd4 4. Nxd4 cxd4 5. O-O a6 6. Bc4 e5 7. d3 Nf6 8.
Bg5 Be7 9. c3 dxc3 10. Nxc3 O-O 11. f4 d6 12. fxe5 dxe5 13. Qf3 Be6 14. Bxe6
fxe6 15. Qh3 Qd6 16. Rf3 h6 17. Bd2 Nh7 18. Raf1 Bg5 19. Rxf8+ Rxf8 20. Rxf8+
Kxf8 21. Qf3+ Ke7 22. Be1 Qb6+ 23. Kf1 Qxb2 24. Qg3 Bf6 25. Qe3 Bg5 26. Qc5+
Kf6 27. Qd6 Qc1 28. Nd5+ Kf7 29. Qd7+ Kf8 30. Qxe6 Nf6 31. Qxe5 Nxd5 32. Qxd5
Qf4+ 33. Kg1 Qe3+ 34. Kf1 1/2-1/2

[Event "Purdy FNM; 30/90, SD/30"]
[Site "Berkeley"]
[Date "2010.01.22"]
[Round "3.4"]
[White "Wang, Michael Lei"]
[Black "Clara, John Anthony"]
[Result "1-0"]
[WhiteElo "1242"]
[BlackElo "1587"]
[PlyCount "119"]
[EventDate "2010.??.??"]
[SourceDate "2007.10.22"]

1. Nf3 Nf6 2. g3 g6 3. Bg2 Bg7 4. O-O O-O 5. c4 c6 6. Nc3 d5 7. d3 Nbd7 8. cxd5
Nxd5 9. Qb3 N7b6 10. Bd2 h6 11. h4 Be6 12. Qc2 Qd7 13. Qc1 Kh7 14. Kh2 a5 15.
a4 c5 16. Nxd5 Nxd5 17. Qxc5 Rfc8 18. Qb5 Qxb5 19. axb5 Bxb2 20. Rxa5 Rxa5 21.
Bxa5 Bc3 22. Bxc3 Nxc3 23. Nd4 Bd5 24. Rc1 Bxg2 25. Kxg2 Rc7 26. b6 Rc5 27. e3
Na4 28. Ra1 Nxb6 29. Rb1 Nc8 30. Rxb7 Rc3 31. Rb8 Nd6 32. Rb3 Rc5 33. g4 g5 34.
h5 Kg7 35. e4 Kf6 36. Nf5 Nxf5 37. gxf5 Ke5 38. Kf3 Kd4 39. Rb6 f6 40. Rb3 Rc8
41. Rb7 Re8 42. Rd7+ Kc5 43. d4+ Kc6 44. Rd5 Rb8 45. Rc5+ Kd7 46. Rc3 Rb4 47.
Rd3 Kd6 48. Kg3 Ra4 49. f4 gxf4+ 50. Kxf4 Ra5 51. Rg3 e5+ 52. dxe5+ fxe5+ 53.
Ke3 Ra3+ 54. Kf2 Rxg3 55. Kxg3 Ke7 56. Kf3 Kf7 57. Ke3 Kf6 58. Kd3 Ke7 59. Kc4
Kd6 60. Kb5 1-0

[Event "Berkeley CC Capablanca FNM; 30/90, SD/3"]
[Site "Berkeley"]
[Date "2011.10.21"]
[Round "6.6"]
[White "Wang, Michael Lei"]
[Black "Cunningham, Robin"]
[Result "1/2-1/2"]
[WhiteElo "1756"]
[BlackElo "2283"]
[PlyCount "38"]
[EventDate "2011.??.??"]
[SourceDate "2007.10.22"]

1. d4 f5 2. Nc3 d5 3. Bf4 a6 4. Nf3 Nf6 5. e3 e6 6. Bd3 c5 7. O-O Nc6 8. Ne5
Be7 9. a3 O-O 10. dxc5 Bxc5 11. b4 Bd6 12. Nxc6 bxc6 13. Bxd6 Qxd6 14. Na4 a5
15. Nc5 Nd7 16. Nxd7 Bxd7 17. Qd2 axb4 18. axb4 Rfb8 19. c3 c5 1/2-1/2

[Event "Berkeley CC De Firmian FNM; 30/90, SD/30"]
[Site "Berkeley"]
[Date "2012.04.20"]
[Round "4.9"]
[White "Wang, Michael J"]
[Black "Genirberg, Richard"]
[Result "0-1"]
[WhiteElo "1700"]
[BlackElo "1422"]
[PlyCount "112"]
[EventDate "2012.??.??"]

1. e4 d6 2. d4 Nf6 3. Nc3 g6 4. Be2 Bg7 5. Be3 O-O 6. Qd2 e5 7. dxe5 dxe5 8.
O-O-O Qxd2+ 9. Rxd2 Be6 10. f3 a6 11. a3 b5 12. g4 Nbd7 13. h4 h5 14. g5 Ne8
15. Nh3 c6 16. Rhd1 Nc7 17. Nf2 Rfc8 18. Nd3 Bf8 19. f4 exf4 20. Nxf4 Ne5 21.
Nxe6 Nxe6 22. Rf1 Be7 23. Nd1 Nc5 24. Nf2 Rd8 25. b4 Rxd2 26. Bxd2 Nb7 27. Bc3
Bd6 28. Nd3 Re8 29. Nxe5 Bxe5 30. Bxe5 Rxe5 31. Bf3 Nd6 32. Bg2 Nc4 33. Rf6 Re6
34. Rxe6 fxe6 35. c3 e5 36. Bh3 Nd6 37. Bd7 Nxe4 38. Kc2 c5 39. Bc8 cxb4 40.
cxb4 Nd6 41. Bxa6 Kf7 42. Kd3 Ke6 43. Bxb5 Nxb5 44. a4 Nc7 45. a5 Kd5 46. Ke3
Nb5 47. Kd3 e4+ 48. Ke3 Nc7 49. Ke2 Kd4 50. Kd2 e3+ 51. Ke2 Ke4 52. Ke1 Kd3 53.
Kd1 e2+ 54. Ke1 Ke3 55. b5 Nxb5 56. a6 Kd3 0-1

[Event "Berkeley CC Santasiere FNM; 30/90, SD/3"]
[Site "Berkeley CA"]
[Date "2009.08.28"]
[Round "4.6"]
[White "Wang, Michael Lei"]
[Black "Glasscoe, Alan S"]
[Result "1-0"]
[WhiteElo "1140"]
[BlackElo "1838"]
[PlyCount "113"]
[EventDate "2009.??.??"]
[SourceDate "2007.10.22"]

1. Nf3 Nc6 2. d4 d6 3. c4 Bf5 4. Nc3 Nf6 5. Qb3 Rb8 6. Bg5 Qd7 7. h3 h6 8. Bxf6
exf6 9. e4 Bh7 10. Bd3 Be7 11. O-O-O O-O 12. g4 a6 13. Qc2 Nb4 14. Qe2 Nxd3+
15. Rxd3 b5 16. Rd2 Rfe8 17. b3 c6 18. Re1 Bd8 19. Rc2 Ba5 20. Nd2 f5 21. f3
fxe4 22. fxe4 Bxc3 23. Rxc3 b4 24. Re3 a5 25. Qd3 Qa7 26. Nf3 a4 27. Qb1 Ra8
28. R1e2 Kf8 29. Qc2 d5 30. cxd5 cxd5 31. Qc5+ Qxc5+ 32. dxc5 Rxe4 33. Rxe4
Bxe4 34. Nd2 axb3 35. axb3 Rc8 36. Nxe4 dxe4 37. Rxe4 Rxc5+ 38. Kb2 Rb5 39. h4
f6 40. Kc2 g6 41. Kd3 Rb7 42. Kc4 Kf7 43. Kc5 h5 44. gxh5 gxh5 45. Rxb4 Rxb4
46. Kxb4 Ke6 47. Kc4 Ke5 48. b4 Ke4 49. b5 f5 50. b6 f4 51. b7 f3 52. b8=Q f2
53. Qe8+ Kf3 54. Qxh5+ Kg2 55. Qg4+ Kh2 56. Qf4+ Kg2 57. Qxf2+ 1-0

[Event "Berkeley CC Reti FNM; 30/90, SD/60"]
[Site "Berkeley CA"]
[Date "2011.04.29"]
[Round "2.15"]
[White "Wang, Michael J"]
[Black "Glasscoe, Alan"]
[Result "1-0"]
[WhiteElo "1476"]
[BlackElo "1800"]
[PlyCount "61"]
[EventDate "2011.??.??"]
[SourceDate "2007.10.22"]

1. e4 Nc6 2. Nc3 d6 3. d4 Nf6 4. Bb5 a6 5. Ba4 Bd7 6. Nf3 e6 7. Bg5 Be7 8. d5
exd5 9. exd5 Nb8 10. Bb3 Bg4 11. h3 Bh5 12. Qe2 O-O 13. O-O-O Nbd7 14. g4 Bg6
15. h4 h6 16. Rde1 Re8 17. h5 Bh7 18. Bh4 Nc5 19. g5 Nfe4 20. g6 fxg6 21. Nxe4
Nxe4 22. Qxe4 Bxh4 23. Qxe8+ Qxe8 24. Rxe8+ Rxe8 25. Rxh4 g5 26. Rb4 b5 27. a4
Rf8 28. axb5 a5 29. Rc4 Rxf3 30. Rxc7 Rxf2 31. b6 1-0

[Event "Berkeley CC Ch2011 FNM; 30/90, SD/30"]
[Site "Berkeley"]
[Date "2011.12.16"]
[Round "7"]
[White "Wang, Michael J"]
[Black "Glasscoe, Alan"]
[Result "1-0"]
[WhiteElo "1537"]
[BlackElo "1841"]
[PlyCount "63"]
[EventDate "2011.??.??"]
[SourceDate "2007.10.22"]

1. e4 d5 2. exd5 Nf6 3. Nc3 Nxd5 4. Bc4 Nb6 5. Bb3 Nc6 6. Nf3 Bf5 7. d3 e6 8.
Bf4 Bd6 9. Qd2 a6 10. O-O-O Qe7 11. Rde1 O-O-O 12. Be3 Bc5 13. Bxc5 Qxc5 14.
Na4 Nxa4 15. Bxa4 Rxd3 16. Qe2 b5 17. Bb3 Na5 18. Kb1 Rd6 19. Ne5 Rf8 20. g4
Nxb3 21. gxf5 Rd2 22. Qe4 Rd5 23. axb3 f6 24. Nd3 Qd6 25. Qxe6+ Kb8 26. Qxd6
cxd6 27. Re7 Rxf5 28. Rxg7 h5 29. Rd7 d5 30. Re1 Rc8 31. Ree7 Rc6 32. Nb4 1-0

[Event "Berkeley CC Christiansen FNM; 30/90, SD/"]
[Site "Berkeley"]
[Date "2012.06.15"]
[Round "6.6"]
[White "Wang, Michael J"]
[Black "Glasscoe, Alan"]
[Result "1-0"]
[WhiteElo "1704"]
[BlackElo "1801"]
[PlyCount "53"]
[EventDate "2012.??.??"]

1. e4 Nc6 2. Nf3 f5 3. exf5 d5 4. d4 Bxf5 5. c4 Nf6 6. Nc3 e6 7. Bg5 Be7 8. Qb3
Bb4 9. O-O-O a5 10. a4 Bxc3 11. bxc3 Qd7 12. Bxf6 gxf6 13. Re1 Kf7 14. Nh4 Bg6
15. Nxg6 hxg6 16. g4 Qd6 17. cxd5 Qxd5 18. Bc4 Qg5+ 19. Kb1 Rab8 20. Rxe6 Kg7
21. Qd1 Rh3 22. Kb2 Rd8 23. Qe2 Qf4 24. Rxc6 Rxc3 25. Kxc3 Qxd4+ 26. Kc2 bxc6
27. Rd1 1-0

[Event "Berkeley CC Capablanca FNM; 30/90, SD/3"]
[Site "Berkeley"]
[Date "2011.10.14"]
[Round "5.9"]
[White "Wang, Michael Lei"]
[Black "Jenkins, Gerl L"]
[Result "1-0"]
[WhiteElo "1756"]
[BlackElo "1506"]
[PlyCount "117"]
[EventDate "2011.??.??"]
[SourceDate "2007.10.22"]

1. d4 d5 2. Bf4 Bf5 3. c4 c6 4. e3 e6 5. Nc3 Bb4 6. cxd5 Bxc3+ 7. bxc3 cxd5 8.
Bxb8 Qxb8 9. Qa4+ Kf8 10. Nf3 f6 11. Nh4 Bg4 12. Rb1 b6 13. Bb5 Ne7 14. Be2
Bxe2 15. Kxe2 Qc7 16. Nf3 a6 17. Rhc1 Qb7 18. c4 Kf7 19. Qb3 dxc4 20. Qxb6 Qxb6
21. Rxb6 Nd5 22. Rb7+ Kg6 23. Rxc4 Rhc8 24. Kd3 Rxc4 25. Kxc4 Rc8+ 26. Kb3 h5
27. g3 Kh6 28. Ra7 Rc6 29. Nd2 Rb6+ 30. Kc2 Nb4+ 31. Kd1 Nxa2 32. Ke2 Nc3+ 33.
Kd3 Nd5 34. Ke2 Nc3+ 35. Kf3 Rb2 36. Ne4 Nxe4 37. Kxe4 Rxf2 38. Rxa6 Rxh2 39.
Rxe6 Rh3 40. d5 Rxg3 41. d6 Rg1 42. Re8 Rd1 43. Kf5 Rd5+ 44. Ke6 Rd3 45. d7
Rxe3+ 46. Kf5 g6+ 47. Kxf6 Rf3+ 48. Ke5 Rd3 49. d8=Q Rxd8 50. Rxd8 Kg5 51. Rd4
h4 52. Ke4 Kg4 53. Ke3+ Kg3 54. Rd5 h3 55. Rg5+ Kh2 56. Kf3 Kh1 57. Rxg6 h2 58.
Re6 Kg1 59. Re1# 1-0

[Event "Berkeley CC Christiansen FNM; 30/90, SD/"]
[Site "Berkeley"]
[Date "2012.05.25"]
[Round "3.11"]
[White "Wang, Michael J"]
[Black "Landrum, Brett J"]
[Result "1-0"]
[WhiteElo "1733"]
[BlackElo "1604"]
[PlyCount "69"]
[EventDate "2012.??.??"]

1. e4 e5 2. Nf3 Nc6 3. Bc4 Bc5 4. c3 Nf6 5. d4 exd4 6. cxd4 Bb4+ 7. Bd2 h6 8.
e5 Qe7 9. Bxb4 Nxb4 10. O-O Nh7 11. Nc3 O-O 12. a3 Nc6 13. Nd5 Qd8 14. b4 d6
15. Rc1 Bg4 16. Bd3 Rc8 17. b5 Ne7 18. Nxe7+ Qxe7 19. Bxh7+ Kxh7 20. Re1 dxe5
21. Qd3+ g6 22. Nxe5 Bf5 23. Qf3 Rfe8 24. Re3 Qd6 25. Rd1 Qb6 26. g4 f6 27.
gxf5 fxe5 28. dxe5 Qxb5 29. fxg6+ Kxg6 30. Qe4+ Kg7 31. Rg3+ Kh8 32. Qg6 Re7
33. Qxh6+ Rh7 34. Qf6+ Rg7 35. Qxg7# 1-0

[Event "Berkeley CC De Firmian FNM; 30/90, SD/30"]
[Site "Berkeley"]
[Date "2012.04.13"]
[Round "3.11"]
[White "Wang, Michael J"]
[Black "Li Jr, William"]
[Result "0-1"]
[WhiteElo "1700"]
[BlackElo "1679"]
[PlyCount "85"]
[EventDate "2012.??.??"]

1. e4 d6 2. d4 Nf6 3. Nc3 g6 4. Nf3 Bg7 5. Bc4 O-O 6. h3 c5 7. Be3 cxd4 8. Nxd4
Nc6 9. Qd2 Bd7 10. g4 Rc8 11. Bb3 Ne5 12. f4 Nc4 13. Bxc4 Rxc4 14. O-O-O Qa5
15. Nb3 Qc7 16. e5 dxe5 17. g5 Bf5 18. gxf6 Bxf6 19. fxe5 Bxe5 20. Bh6 Bxc3 21.
bxc3 Rxc3 22. Rh2 Rxc2+ 23. Qxc2 Bxc2 24. Rxc2 Qg3 25. Bxf8 Kxf8 26. Rh1 f5 27.
Rhh2 f4 28. Kb1 e5 29. Nc5 Qe1+ 30. Kb2 Qb4+ 31. Kc1 Qe1+ 32. Kb2 Qb4+ 33. Kc1
f3 34. Rhf2 e4 35. Ne6+ Ke7 36. Ng5 Qa3+ 37. Kb1 Qb4+ 38. Kc1 Qb6 39. h4 Qe3+
40. Kb1 Qf4 41. Rfd2 e3 42. Rd1 f2 43. Rf1 0-1

[Event "Berkeley CC Ch2011 FNM; 30/90, SD/30"]
[Site "Berkeley"]
[Date "2011.11.18"]
[Round "3.10"]
[White "Wang, Michael J"]
[Black "Mueckenberger, Andrew"]
[Result "1/2-1/2"]
[WhiteElo "1537"]
[BlackElo "1804"]
[PlyCount "70"]
[EventDate "2011.??.??"]
[SourceDate "2007.10.22"]

1. e4 d6 2. d4 g6 3. Nf3 Bg7 4. Be3 Nf6 5. Nc3 O-O 6. h3 e5 7. Qd2 Re8 8. O-O-O
exd4 9. Bxd4 Nxe4 10. Nxe4 Rxe4 11. Bxg7 Kxg7 12. Qc3+ Kg8 13. Bd3 Re7 14. Rhe1
Nc6 15. Rxe7 Nxe7 16. Re1 Bf5 17. Qf6 Be6 18. Ng5 Nc6 19. Qxd8+ Nxd8 20. Kd2
Kg7 21. f4 h6 22. Nxe6+ Nxe6 23. f5 gxf5 24. Bxf5 Kf6 25. Rf1 Ke7 26. c3 Rg8
27. g4 Rg7 28. h4 Nc5 29. b4 Nd7 30. Bxd7 Kxd7 31. Rf4 Ke6 32. Ke3 f6 33. Re4+
Kf7 34. Kf4 Kg6 35. h5+ Kf7 {remainder illegible} 1/2-1/2

[Event "Berkeley CC Colle FNM; 30/90, SD/30"]
[Site "Berkeley"]
[Date "2011.06.24"]
[Round "3.8"]
[White "Wang, Michael J"]
[Black "Parkin, John"]
[Result "0-1"]
[WhiteElo "1418"]
[BlackElo "1795"]
[PlyCount "80"]
[EventDate "2011.??.??"]
[SourceDate "2007.10.22"]

1. e4 d5 2. exd5 Qxd5 3. Nc3 Qd6 4. d4 Nf6 5. Nf3 c6 6. Bc4 Bg4 7. O-O Bxf3 8.
gxf3 Nbd7 9. Re1 e6 10. f4 O-O-O 11. Be3 Nb6 12. Bf1 Qc7 13. a3 Bd6 14. Qf3 g6
15. b4 Nh5 16. Ne2 Nd5 17. c4 Ndxf4 18. Nxf4 Bxf4 19. b5 Bxe3 20. fxe3 f5 21.
Bg2 e5 22. dxe5 c5 23. Rad1 Rhe8 24. Rxd8+ Rxd8 25. a4 Rd7 26. e6 Rd6 27. Rd1
Rxe6 28. Rd5 Re7 29. Qf2 Nf6 30. Rd3 Ng4 31. Qg3 Qxg3 32. hxg3 Rxe3 33. Rxe3
Nxe3 34. Bf1 Nxf1 35. Kxf1 b6 36. Kf2 Kd7 37. Kf3 Ke6 38. Ke3 Ke5 39. Kd3 h5
40. Ke3 g5 0-1

[Event "Berkeley CC Reti FNM; 30/90, SD/60"]
[Site "Berkeley"]
[Date "2011.05.13"]
[Round "4.5"]
[White "Wang, Michael Lei"]
[Black "Parkin, John"]
[Result "1-0"]
[WhiteElo "1735"]
[BlackElo "1866"]
[PlyCount "45"]
[EventDate "2011.??.??"]
[SourceDate "2007.10.22"]

1. Nf3 d5 2. d4 Nf6 3. Bf4 g6 4. e3 Bg7 5. Nbd2 O-O 6. Bd3 Re8 7. Ne5 Nh5 8. g4
Nxf4 9. exf4 e6 10. h4 Nc6 11. h5 g5 12. Bxh7+ Kxh7 13. Nxf7 Qf6 14. fxg5 Qxd4
15. h6 Bh8 16. g6+ Kxg6 17. Nxh8+ Rxh8 18. g5 Bd7 19. Qh5+ Kf5 20. Qf7+ Kg4 21.
O-O-O Kxg5 22. Rdg1+ Qg4 23. Rh5# 1-0

[Event "Berkeley CC Colle FNM; 30/90, SD/30"]
[Site "Berkeley"]
[Date "2011.06.10"]
[Round "1.1"]
[White "Wang, Michael Lei"]
[Black "Poehlmann, Roger M"]
[Result "0-1"]
[WhiteElo "1751"]
[BlackElo "2276"]
[PlyCount "116"]
[EventDate "2011.??.??"]
[SourceDate "2007.10.22"]

1. d4 Nf6 2. c4 c5 3. d5 b5 4. Nf3 b4 5. Nbd2 d6 6. b3 e5 7. e4 a5 8. a4 Bg4 9.
Be2 Bxf3 10. Bxf3 Be7 11. Nf1 Kd7 12. g4 Ne8 13. Bd2 Kc7 14. Qe2 Nd7 15. O-O-O
Bg5 16. Ng3 h6 17. Bg2 Nf8 18. Qf3 Bxd2+ 19. Rxd2 Qe7 20. Nf5 Qf6 21. Qg3 Ng6
22. h4 h5 23. g5 Qd8 24. Bh3 Nf4 25. Kd1 Kb8 26. Ne3 Ra7 27. Ng2 Nxg2 28. Bxg2
g6 29. Bh3 Rf8 30. f4 exf4 31. Qxf4 Re7 32. Rf1 Re5 33. Kc2 Qe7 34. Re2 f5 35.
Ree1 Ng7 36. Kd2 Re8 37. Bg2 fxe4 38. Rxe4 Nf5 39. Rfe1 Kc7 40. Kc1 Nd4 41. Kb2
Rf8 42. Rxe5 dxe5 43. d6+ Kxd6 44. Qe4 Qe6 45. Bh3 Rf2+ 46. Kb1 Qxh3 47. Qd5+
Kc7 48. Qxe5+ Kb7 49. Qd5+ Nc6 50. Qd1 Qf5+ 51. Ka1 Nd4 52. Re7+ Kc8 53. Re8+
Kd7 54. Re3 Qc2 55. Qb1 Rd2 56. Re5 Nxb3+ 57. Qxb3 Rd1+ 58. Qb1 Rxb1# 0-1

[Event "Berkeley CC De Firmian FNM; 30/90, SD/30"]
[Site "Berkeley"]
[Date "2012.04.06"]
[Round "2.11"]
[White "Wang, Michael Lei"]
[Black "Shan, Jonathan"]
[Result "1-0"]
[WhiteElo "1805"]
[BlackElo "1420"]
[PlyCount "103"]
[EventDate "2012.??.??"]

1. d4 d5 2. c4 c6 3. Nc3 Nf6 4. Bg5 Bf5 5. Bxf6 exf6 6. cxd5 cxd5 7. Qb3 Qb6 8.
Qxb6 axb6 9. Nxd5 Ra5 10. Nc3 Bb4 11. Nf3 Nc6 12. e3 O-O 13. Kd2 Rfa8 14. a3
Rd8 15. Bd3 Bxd3 16. Kxd3 Bxc3 17. Kxc3 Rda8 18. Rhc1 Ra4 19. Ne1 b5 20. Kd2
Na5 21. Kc2 Rc8+ 22. Kd1 Rcc4 23. Nd3 Nb3 24. Rxc4 Rxc4 25. Rb1 Rc6 26. Nc5
Nxc5 27. dxc5 Rxc5 28. Rc1 Rc6 29. Rxc6 bxc6 30. b3 Kf8 31. a4 Ke7 32. a5 Kd6
33. b4 c5 34. bxc5+ Kxc5 35. Kc2 b4 36. a6 Kb6 37. a7 Kxa7 38. Kb3 Kb6 39. Kxb4
Kc6 40. Kc4 Kd6 41. Kd4 Ke6 42. f4 f5 43. Kc5 f6 44. Kc6 g5 45. Kc7 Ke7 46. Kc6
Ke6 47. Kc5 h6 48. Kc6 h5 49. Kc5 Ke7 50. Kd5 Kd7 51. fxg5 fxg5 52. Ke5 1-0

[Event "Berkeley CC Santasiere FNM; 30/90, SD/3"]
[Site "Berkeley CA"]
[Date "2009.09.04"]
[Round "5.4"]
[White "Wang, Michael Lei"]
[Black "Smail, John"]
[Result "0-1"]
[WhiteElo "1140"]
[BlackElo "1925"]
[PlyCount "138"]
[EventDate "2009.??.??"]
[SourceDate "2007.10.22"]

1. Nf3 f5 2. d4 Nf6 3. c4 g6 4. Nc3 Bg7 5. Bf4 O-O 6. e3 d6 7. Bd3 c6 8. O-O h6
9. Re1 Nh5 10. Bg3 Qe8 11. Qc2 Nxg3 12. hxg3 e5 13. e4 f4 14. gxf4 Rxf4 15. Qd2
Qf7 16. dxe5 Bg4 17. exd6 Bxf3 18. gxf3 Be5 19. c5 Nd7 20. b4 Qf6 21. Rac1 Qg5+
22. Kf1 Qh5 23. Re3 Raf8 24. Bc4+ Kg7 25. Ke1 Rxf3 26. Rc2 Qh1+ 27. Bf1 Rxf2
28. Qxf2 Rxf2 29. Rxf2 Bd4 30. Rh3 Bxc3+ 31. Rxc3 Qxe4+ 32. Re2 Qxb4 33. Kd2
Nxc5 34. Ree3 Qd4+ 35. Rcd3 Nxd3 36. Rxd3 Qf4+ 37. Ke1 Qf6 38. d7 Qd8 39. Ke2
g5 40. Bh3 h5 41. Bf5 Kf6 42. Bh3 g4 43. Bg2 Kf5 44. Ke3 h4 45. Be4+ Kg5 46.
Rd6 h3 47. Rg6+ Kh4 48. Kf4 Qc7+ 49. Kf5 Qxd7+ 50. Kf4 Qd2+ 51. Kf5 Qf2+ 52.
Ke5 Kg3 53. Rf6 Qc5+ 54. Ke6 Qc4+ 55. Ke5 Qxa2 56. Rg6 Qf7 57. Rf6 Qxf6+ 58.
Kxf6 Kf4 59. Bh1 g3 60. Ke6 g2 61. Bxg2 hxg2 62. Kd6 g1=Q 63. Kd7 Ke5 64. Kc7
Qg7+ 65. Kb8 b6 66. Ka8 Kd6 67. Kb8 c5 68. Ka8 Kc6 69. Kb8 Qb7# 0-1

[Event "Berkeley CC Reti FNM; 30/90, SD/60"]
[Site "Berkeley"]
[Date "2011.04.22"]
[Round "1.7"]
[White "Wang, Michael Lei"]
[Black "Smail, John"]
[Result "0-1"]
[WhiteElo "1546"]
[BlackElo "1871"]
[PlyCount "96"]
[EventDate "2011.??.??"]
[SourceDate "2007.10.22"]

1. Nf3 d6 2. d4 Bg4 3. Bf4 Nf6 4. Nbd2 g6 5. e3 Nh5 6. Bg5 Bg7 7. Be2 O-O 8.
O-O Qe8 9. h3 Bd7 10. Nh4 Nf6 11. f4 h6 12. Bxf6 exf6 13. e4 g5 14. fxg5 fxg5
15. Nhf3 Nc6 16. c3 g4 17. hxg4 Bxg4 18. Qb3 Nd8 19. Bd3 b6 20. Rae1 c6 21. e5
d5 22. Bb1 Qd7 23. Nh4 Ne6 24. Qc2 Rfe8 25. Rf6 Ng5 26. Nhf3 Bxf6 27. Nxg5 Bxg5
28. Qh7+ Kf8 29. e6 Bxe6 30. Nf3 f6 31. Qg6 Bf7 32. Rxe8+ Rxe8 33. Qh7 Be6 34.
Nxg5 Qxh7 35. Nxe6+ Rxe6 36. Bxh7 Re1+ 37. Kf2 Ra1 38. b3 Rxa2+ 39. Kf3 Rb2 40.
Ke3 Rxb3 41. Kd2 Rb2+ 42. Bc2 a5 43. Kc1 Rxc2+ 44. Kxc2 Ke7 45. Kb3 b5 46. Ka3
Ke6 47. Kb3 Kf5 48. c4 dxc4+ 0-1

[Event "Berkeley CC Reti FNM; 30/90, SD/60"]
[Site "Berkeley"]
[Date "2011.05.13"]
[Round "4.11"]
[White "Wang, Michael J"]
[Black "Stearman, Josiah P"]
[Result "0-1"]
[WhiteElo "1476"]
[BlackElo "1739"]
[PlyCount "48"]
[EventDate "2011.??.??"]
[SourceDate "2007.10.22"]

1. e4 c5 2. Nf3 Nc6 3. c3 g6 4. d4 cxd4 5. cxd4 Bg7 6. Be3 e6 7. Nc3 Nge7 8.
Qd2 O-O 9. g4 d5 10. e5 f6 11. exf6 Rxf6 12. Ne5 Nxe5 13. dxe5 Rf8 14. Bh6 Nc6
15. Bxg7 Kxg7 16. O-O-O Nxe5 17. Qd4 Qf6 18. Be2 Qf4+ 19. Qe3 Qxe3+ 20. fxe3 a6
21. e4 dxe4 22. Nxe4 Bd7 23. Kb1 Bc6 24. Rd4 Rf4 0-1

[Event "Berkeley CS Rubinstein FNM; 30/90, SD/3"]
[Site "Berkeley"]
[Date "2011.09.02"]
[Round "6.9"]
[White "Wang, Michael Lei"]
[Black "Stearman, Josiah"]
[Result "1/2-1/2"]
[WhiteElo "1772"]
[BlackElo "1772"]
[PlyCount "45"]
[EventDate "2011.??.??"]
[SourceDate "2007.10.22"]

1. d4 d5 2. Bf4 c5 3. c3 Nc6 4. e3 Bf5 5. Bd3 Bxd3 6. Qxd3 Rc8 7. Nf3 cxd4 8.
exd4 Nf6 9. Nbd2 e6 10. O-O Bd6 11. Ne5 Nh5 12. Nxc6 Rxc6 13. Bxd6 Rxd6 14. g3
f5 15. f4 Nf6 16. Nf3 Rb6 17. Qe2 h5 18. Rae1 Ne4 19. Qg2 Kf8 20. Re2 g6 21.
Ne5 Kg7 22. h3 Qe7 23. h4 {draw offer} 1/2-1/2

[Event "Berkeley CC Ch2011 FNM; 30/90, SD/30"]
[Site "Berkeley"]
[Date "2011.11.11"]
[Round "2.4"]
[White "Wang, Michael J"]
[Black "Watson, Farid Mark"]
[Result "1-0"]
[WhiteElo "1537"]
[BlackElo "2010"]
[PlyCount "30"]
[EventDate "2011.??.??"]
[SourceDate "2007.10.22"]

1. e4 g6 2. d4 Bg7 3. Bc4 c6 4. Nc3 d6 5. Nf3 Nf6 6. e5 dxe5 7. Nxe5 O-O 8. Be3
Nd5 9. Nxd5 cxd5 10. Be2 Nc6 11. Nf3 Bg4 12. Qd2 Qb6 13. O-O-O Rfc8 14. Kb1 Nb4
15. c3 Bf5+ 1-0

[Event "Berkeley CC Colle FNM; 30/90, SD/30"]
[Site "Berkeley"]
[Date "2011.07.08"]
[Round "5.8"]
[White "Wang, Michael J"]
[Black "Woebcke, Carl"]
[Result "1/2-1/2"]
[WhiteElo "1418"]
[BlackElo "1803"]
[PlyCount "74"]
[EventDate "2011.??.??"]
[SourceDate "2007.10.22"]

1. e4 c5 2. Nf3 d6 3. d4 cxd4 4. Nxd4 Nf6 5. Nc3 a6 6. f4 Bg4 7. Be2 Bxe2 8.
Qxe2 Nc6 9. Be3 e6 10. O-O-O Qc7 11. h3 O-O-O 12. -- e5 13. Nxc6 Qxc6 14. fxe5
Nxe4 15. Nxe4 Qxe4 16. exd6 Bxd6 17. Qd3 Rhe8 18. Rhe1 Qxd3 19. Rxd3 Rxe3 20.
Rexe3 Bf4 21. Rxd8+ Kxd8 22. Kd2 Kd7 23. g3 Bxe3+ 24. Kxe3 Ke6 25. Kd4 f5 26.
c4 g5 27. b4 h5 28. a4 Kd6 29. b5 axb5 30. axb5 b6 31. h4 gxh4 32. gxh4 f4 33.
Ke4 f3 34. Kxf3 Kc5 35. Kf4 Kxc4 36. Kg5 Kxb5 37. Kxh5 Kc4 1/2-1/2

[Event "Berkeley CC Christiansen FNM; 30/90, SD/"]
[Site "Berkeley"]
[Date "2012.06.01"]
[Round "4.8"]
[White "Wang, Michael J"]
[Black "Xu, Young"]
[Result "1-0"]
[WhiteElo "1733"]
[BlackElo "1290"]
[PlyCount "63"]
[EventDate "2012.??.??"]

1. e4 e5 2. Nf3 Nc6 3. Bc4 Nf6 4. d3 Bc5 5. Nc3 d6 6. Bg5 Be6 7. Nd5 Bxd5 8.
Bxd5 h6 9. Bxc6+ bxc6 10. Be3 Bb6 11. c3 O-O 12. Qc2 Ng4 13. d4 exd4 14. cxd4
Nxe3 15. fxe3 c5 16. O-O cxd4 17. exd4 c5 18. d5 Qe7 19. Nd2 Qg5 20. Nc4 Rfe8
21. Nxd6 Re7 22. Nf5 Rd7 23. a4 a5 24. Ra3 g6 25. Rg3 Qh5 26. Rh3 Qg5 27. Nxh6+
Kf8 28. Qc3 Raa7 29. Qh8+ Ke7 30. Nxf7 Qd2 31. Qe5+ Kf8 32. Rh8# 1-0

[Event "Berkeley CC Christiansen FNM; 30/90, SD/"]
[Site "Berkeley"]
[Date "2012.05.25"]
[Round "3.8"]
[White "Wang, Michael Lei"]
[Black "Xu, Young"]
[Result "1-0"]
[WhiteElo "1762"]
[BlackElo "1290"]
[PlyCount "82"]
[EventDate "2012.??.??"]

1. d4 d5 2. c4 dxc4 3. e3 c5 4. Bxc4 cxd4 5. exd4 Nf6 6. Nc3 b6 7. Nf3 Bb7 8.
d5 Nbd7 9. Bf4 a6 10. O-O Nc5 11. b4 b5 12. Bxb5+ axb5 13. bxc5 Nxd5 14. Nxd5
Qxd5 15. Qxd5 Bxd5 16. Nd4 Ra4 17. Nxb5 Kd7 18. Be3 Rg4 19. Rfd1 e6 20. f3 Rb4
21. Nc3 Kc6 22. Nxd5 exd5 23. Rab1 Rc4 24. Rb6+ Kc7 25. Rxd5 Bxc5 26. Rxc5+
Rxc5 27. Bxc5 Re8 28. Rb2 Kc6 29. Bb4 g6 30. a3 Kb5 31. Kf2 Kc4 32. Re2 Rg8 33.
Re7 Rc8 34. Rxf7 h5 35. Rf6 Rg8 36. Kg3 Kd5 37. Kf4 g5+ 38. Kf5 Kc4 39. Rg6
Rxg6 40. Kxg6 g4 41. f4 h4 1-0

[Event "Berkeley CC Capablanca FNM; 30/90, SD/3"]
[Site "Berkeley"]
[Date "2011.10.07"]
[Round "4.7"]
[White "Wang, Yuan"]
[Black "Motschenbacher, Von"]
[Result "1-0"]
[WhiteElo "1984"]
[BlackElo "1741"]
[PlyCount "59"]
[EventDate "2011.??.??"]
[SourceDate "2007.10.22"]

1. e4 e6 2. d4 d5 3. Nc3 Bb4 4. e5 c5 5. a3 Bxc3+ 6. bxc3 Qc7 7. Qg4 f5 8. Qg3
cxd4 9. cxd4 Qxc2 10. Bd2 Qc7 11. Nf3 Nc6 12. Bb5 g6 13. h4 Nge7 14. h5 Rg8 15.
Ng5 Qb6 16. Bxc6+ Nxc6 17. Nxh7 Qxd4 18. Nf6+ Kd8 19. Bc3 f4 20. Bxd4 fxg3 21.
Nxg8 Nxd4 22. hxg6 Nc2+ 23. Ke2 Nxa1 24. Nf6 b6 25. Rxa1 Ke7 26. Rc1 Ba6+ 27.
Kf3 gxf2 28. Rc7+ Kd8 29. Rd7+ Kc8 30. Kxf2 1-0

[Event "Berkeley CC Ch2011 FNM; 30/90, SD/30"]
[Site "Berkeley"]
[Date "2011.12.02"]
[Round "5.5"]
[White "Wang, Yuan"]
[Black "Smail, John"]
[Result "1-0"]
[WhiteElo "1984"]
[BlackElo "1852"]
[PlyCount "37"]
[EventDate "2011.??.??"]
[SourceDate "2007.10.22"]

1. e4 c5 2. Nc3 Nc6 3. f4 Qc7 4. Nf3 a6 5. d3 g6 6. g3 Bg7 7. Bg2 b5 8. Nd5 Qb8
9. O-O e6 10. Ne3 Nge7 11. c3 O-O 12. f5 exf5 13. exf5 d5 14. Nh4 Qd6 15. a4 b4
16. Qf3 f6 17. fxg6 hxg6 18. Nxg6 Bb7 19. Nxe7+ 1-0

[Event "Berkeley CC Ch2011 FNM; 30/90, SD/30"]
[Site "Berkeley"]
[Date "2011.11.18"]
[Round "3.6"]
[White "Wang, Yuan"]
[Black "Woebcke, Carl"]
[Result "1-0"]
[WhiteElo "1984"]
[BlackElo "1809"]
[PlyCount "67"]
[EventDate "2011.??.??"]
[SourceDate "2007.10.22"]

1. e4 c5 2. Nc3 Nc6 3. g3 g6 4. Bg2 Bg7 5. d3 e6 6. Be3 Nd4 7. Nce2 Ne7 8. c3
Nxe2 9. Nxe2 Qb6 10. b4 d6 11. Rb1 Qc7 12. bxc5 dxc5 13. O-O O-O 14. Qd2 Rd8
15. Rfd1 b6 16. Bh6 Bb7 17. Bxg7 Kxg7 18. Qg5 h6 19. Qg4 f5 20. Qh4 g5 21. Qh5
Ng8 22. Qh3 g4 23. Qh5 Nf6 24. Qh4 fxe4 25. Nf4 Qf7 26. dxe4 e5 27. Nd5 Nxd5
28. Qxg4+ Kf8 29. exd5 Bxd5 30. Rxd5 Rxd5 31. Bxd5 Qxd5 32. Qf5+ Kg7 33. Qg4+
Kh7 34. Rd1 1-0